| 000 | 00529nam a2200181Ia 4500 | ||
|---|---|---|---|
| 999 |
_c16399 _d16399 |
||
| 003 | OSt | ||
| 005 | 20200606115916.0 | ||
| 008 | 190216s9999||||xx |||||||||||||| ||und|| | ||
| 020 | _a8170820553 | ||
| 040 | _cMESKC library | ||
| 082 |
_a133.59445 _bVAS/M |
||
| 100 |
_aVasishtt, Lakshmi Kanth _9259 |
||
| 245 | 0 |
_aLal Kithab Gutka / _cLakshmi Kanth Vasishtt |
|
| 260 |
_bSagar Prakashan, _aNew Delhi: _c2004. |
||
| 300 | _a208p | ||
| 650 | _aHindi | ||
| 942 |
_cBK _2ddc _h133.59445 _iVAS/M _k133.59445 _mVAS/M |
||